00397nam a2200133Ia 45000010005000000080041000050200022000460820020000681000009000882450095000972600028001929010028002209990015002484250241024s9999 xx 000 0 und d a978-9945-484-05-2 aRD/861.44/F577d aFLAM 0aDuarte suen˃a y otros poemas a la patria. Bicentenario del Natalicio de Juan Pablo Duarte b[*SIN EDITORIAL*]c2013 a24/8/2016 10:33:56 a.m. c7894d7894